00645cam a2200169 a 450000100100000000500170001000800410002704000240006808200180009210000220011024501600013226000500029230000280034265000280037065000360039870000410043400001261620250606093706.0810311s1967 mx a 001 0 spa  aDO-SdBNPcCarPdDLC a371.26bH663a1 aHinojosa, Armando10aAnálisis psicológico del estudiante universitario :buna técnica para el estudio dinámico del carácter /cArmando Hinojosa, Adriana Casio Pascal. aMéxico, :bPrensa Médica Mexicana,c1967. a412 p. :bil. ;c22 cm. 0aEvaluación educativa  4aMediciones y pruebas educativas1 aCosio Pascal, Adrianaejoint author.